| 000 | 01611nam0a2200349 4500 | ||
|---|---|---|---|
| 001 | RU\NLR\bibl\1849610 | ||
| 005 | 20260408235353.0 | ||
| 010 |
_a978-5-418-00283-9 _910000 |
||
| 021 |
_aRU _b2011-94392 _96769 |
||
| 035 | _a(NLR Aleph) 001840010 | ||
| 090 |
_a2259134 _c2259134 |
||
| 100 | _a20111216d2012 |||y0rusy50 ca | ||
| 101 | 0 | _arus | |
| 102 | _aRU | ||
| 105 | _aa ||||||||| | ||
| 200 | 1 |
_aГотовимся к школе вместе со сказкой "Дюймовочка" _eпо мотивам сказки Х.К. Андерсена _eучебное пособие для дошкольников _fО.Т. Поглазова |
|
| 205 | _a2-е изд. | ||
| 210 |
_aСмоленск _cАссоциация XXI век _d2012 |
||
| 215 |
_a31 с. _cил., цв. ил. _d28 |
||
| 225 | 1 | _aСтупеньки детства | |
| 300 | _aВ вып. дан. загл.: Вместе со сказкой "Дюймовочка" | ||
| 500 |
_aДюймовочка _3RU\NLR\auth\559767 _92631768 |
||
| 517 | 0 | _aВместе со сказкой "Дюймовочка" | |
| 606 | 1 |
_aДошкольники _xПодготовка к школе _xИспользование сказок _92107985 _3RU\NLR\auth\661577807 |
|
| 686 | _aЧ411.389я7 | ||
| 700 | 1 |
_4070 _8rus _7ca _aПоглазова _bО. Т. _gОльга Тихоновна _3RU\NLR\auth\774045 _9114034 |
|
| 702 | 1 |
_4570 _8rus _7ca _aАндерсен _bХ. К. _f1805-1875 _gХанс Кристиан _3RU\NLR\auth\772165 _9112181 |
|
| 801 | 0 |
_aRU _bNLR _c20111216 _gRCR |
|
| 801 | 1 |
_aRU _bNLR _c20111216 |
|
| 942 | _cBOOK | ||
| 980 | _aNB | ||